| 000 | 00000nam##2200000za#4500 |
| 001 | 9.642522 |
| 003 | CaOODSP |
| 005 | 20210624223739 |
| 007 | cr ||||||||||| |
| 008 | 150407|1999||||xxc|||||o f|0| 0 fre|d |
| 040 | |aCaOODSP|bfre |
| 043 | |an-cn--- |
| 086 | 1 |aSW21-58/2000F-PDF |
| 110 | 1 |aCanada. |bCondition féminine Canada. |
| 245 | 10|aD'hier et d'aujourd'hui, les femmes francophones au Canada |h[ressource électronique] |
| 260 | |aOttawa - Ontario : |bCondition féminine Canada |c[1999]. |
| 300 | |a1p.|bphotographies |
| 520 | 3 |a« Le Mois de l’histoire des femmes a été créé en 1992 pour célébrer l’apport essentiel des Canadiennes à l’histoire de leur pays. En cette année de la francophonie, nous rendons hommage aux femmes francophones du Canada qui ont contribué, par leur persévérance et leur conviction, à façonner notre pays. » |
| 590 | |a13-23-Supp|b2013-10-08 |
| 691 | 07|aCondition de la femme|2gcpds |
| 691 | 07|aFrancophonie|2gcpds |
| 775 | 08|tYesterday and today, francophone women in Canada |w(CaOODSP)9.698515 |
| 776 | 0#|tYesterday and today, francophone women in Canada |w(CaOODSP)9.662025 |
| 776 | 0#|tD'hier et d'aujourd'hui, les femmes francophones au Canada |w(CaOODSP)9.662026 |
| 856 | 40|ahttp://publications.gc.ca|qPDF|s1.68 Mo|uhttps://publications.gc.ca/collections/Collection/SW21-58-2000F.pdf |